Cittadinanza alla famiglia in Italia. (Record n. 218087)

Dettagli MARC
000 -LEADER
campo di controllo lung. fissa 00812nam a2200229Ia 4500
001 - Numero di controllo
campo di controllo a1176-26122 [5141]
003 - Identificatore del numero di controllo
campo di controllo IT-MiCISF
005 - Data e orario dell'ultima transazione
campo di controllo 20230327150758.0
008 - Elementi di lunghezza fissa--Informazione generale
campo di controllo lung. fissa 161014s9999||||xx |||||||||||||| ||und||
040 ## - Fonte della catalogazione
Agenzia catalografica originale IT-MiCISF
Agenzia che fa la trascrizione IT-MiCISF
041 ## - Codice di lingua
Codice di lingua del testo/traccia sonora o titolo separato it
100 ## - Accesso principale -- nome di persona
Nome di persona Boffi Pietro (a cura di)
9 (RLIN) 59835
245 #0 - Formulazione del titolo
Titolo Cittadinanza alla famiglia in Italia.
Complemento del titolo L'associazionismo familiare si organizza
260 ## - Pubblicazione, distribuzione, ecc. (stampa)
Luogo di pubblicazione, distribuzione, ecc. Roma,
Nome dell'editore, distributore, ecc. Città Nuova,
Data di pubblicazione, distribuzione, ecc. 1995
300 ## - Descrizione fisica
Estensione pp. 216
500 ## - Nota generale
Nota generale famiglia, diritti-famiglia, politica-familiare, cultura, associazionismo, previdenze-per-famiglia
650 ## - Accesso aggiunto di soggetto--termine topico
Termine topico o nome geografico come accesso politica-familiare
9 (RLIN) 59836
654 ## - Accesso aggiunto di soggetto--termini topici faccettati
Termine principale saggio
700 ## - Accesso aggiunto--nome di persona
Nome di persona Anfossi G., Campanini G., Campiglio L., Collicelli C., Donati P., Santolini L., Soave P., Tettamanzi D.
9 (RLIN) 59837
942 ## - Dati aggiuntivi (Koha)
Tipo copia default (Koha) LIBRO
Fonte della classificazione o dello schema di collocazione (segnatura) Dewey Decimal Classification
999 ## - Sys Number locale (Koha)
Koha Dewey Subclass [OBSOLETE] si
Dati di copia
Ritirato (status) Perso (status) Fonte della classificazione o dello schema di collocazione (segnatura) Danneggiato (status) Non per il presito Biblioteca proprietaria Biblioteca in cui si trova Data d'acquisizione Totale prestiti Collocazione Data ultima operazione Prezzo in vigore dal Tipo copia default (Koha) Nota pubblica
    Dewey Decimal Classification Buone Condizioni Not For Loan CISF - Milano CISF - Milano 14/10/2016   A1176-26122 [5141] 14/10/2016 14/10/2016 LIBRO Data import 15.10.2016 / by Epidotti, Vaglietti
CREDITS: SOCIETA' SAN PAOLO Via A.Severo, 58 - ROMA (RM) & PERIODICI SAN PAOLO SRL Via Giotto, 36 MILANO & CISF Via Giotto, 36 MILANO & EDIZIONI SAN PAOLO SRL,  Piazza Soncino, 5 CINISELLO BALSAMO (MI) -- ITALY